Diccionario histórico del cristianismo

Saved in:
Bibliografiske detaljer
Hovedforfatter: Vidal, César (Author)
Format: Bog
Sprog:spansk
Udgivet: Pamplona Verbo Divino 1999
Serier:Colección Diccionario Maior, 6
Fag:
Tags: Tilføj Tag
Ingen Tags, Vær først til at tagge denne postø!

MARC

LEADER 00000nam a2200000 a 4500
001 UCO0529
003 CL-VaPUC
008 000420e19990000SP |||||||||||||||||spa|d
020 |a 848169102X 
082 0 4 |a 203  |b VID  |2 21 
100 0 |a Vidal, César  |e author  |9 441884 
245 1 0 |a Diccionario histórico del cristianismo 
300 |a 412 p 
942 |c BK 
945 |d 20000420 00:00:00  |a rbrito 
260 |a Pamplona  |b Verbo Divino  |c 1999 
650 0 |a Cristianismo  |9 257361 
650 0 |a Historia  |9 255047 
650 0 |a Diccionarios  |9 256200 
583 |a last modification  |c 20130317 12:10:50  |k Rodrigo Vera 
490 0 |a Colección Diccionario Maior, 6 
999 |c 287224  |d 287222 
952 |0 0  |1 0  |4 0  |6 203_000000000000000_VID_1999  |7 0  |8 X  |9 333710  |a BIBTEO  |b BIBTEO  |d 2019-11-20  |i 3608719  |o 203 VID 1999  |p 3608719  |r 2025-01-17  |w 2019-11-20  |y BK_X  |k ICR 
952 |0 0  |1 0  |4 0  |6 203_000000000000000_VID_1999  |7 0  |8 X  |9 333711  |a BIBTEO  |b BIBTEO  |d 2019-11-20  |i 3967670  |o 203 VID 1999  |p 3967670  |r 2025-01-17  |w 2019-11-20  |y BK_X  |k ICR 
952 |0 0  |1 0  |4 0  |6 203_000000000000000_VID_1999  |7 0  |8 X  |9 333712  |a BIBTEO  |b BIBTEO  |d 2019-11-20  |i 4456319  |o 203 VID 1999  |p 4456319  |r 2025-01-17  |w 2019-11-20  |y BK_X  |k ICR